Market intelligence for Southern Africa.
| Format: | Book |
|---|---|
| Published: |
[S.I]:
Global Intelligence Alliance,
2011.
|
| Series: | GIA geographies White paper 2/2011
|
| Subjects: |
| LEADER | 00471cam a2200145 7i4500 | ||
|---|---|---|---|
| 001 | 0000027483 | ||
| 005 | 20120120090000.0 | ||
| 090 | 0 | 0 | |a S.AF 338.7 |b MAR |
| 245 | 0 | 0 | |a Market intelligence for Southern Africa. |
| 260 | 0 | 0 | |a [S.I]: |b Global Intelligence Alliance, |c 2011. |
| 300 | # | # | |a 15p. |
| 440 | 0 | 0 | |a GIA geographies White paper 2/2011 |
| 650 | 0 | 0 | |a Market intelligence -- |x Market -- |z South Africa |
| 651 | 0 | 0 | |a South Africa |
| 999 | |a 0000028899 |b Book |c Regions |e Business Information Centre | ||